Madame bovary cest moi

שמור ב:
מידע ביבליוגרפי
פורמט: ספר
תגים: הוספת תג
אין תגיות, היה/י הראשונ/ה לתייג את הרשומה!
Thư viện lưu trữ: Mạng thư viện Đại học Đà Nẵng
LEADER 00409nam a22001691a 4500
001 000040467
003 16762
005 20160412023221.0
008 160412s0 000
082 |a A23140-41 
245 |a Madame bovary cest moi  |c Andre Bernard 
OWN |a LNN 
999 |a From the UDN01 
TYP |a Monograph 
980 |a Mạng thư viện Đại học Đà Nẵng